[Event "Druga liga Srbije grupa Vojvod"]
[Site "Sombor"]
[Date "2009.10.02"]
[Round "8.1"]
[White "Roganovic, Milos"]
[Black "Jesenski, Tibor"]
[Result "1-0"]
[WhiteElo "2474"]
[BlackElo "2289"]
[PlyCount "69"]
[EventDate "2009.09.27"]

1. e4 e5 2. Nf3 Nc6 3. Bb5 d6 4. d4 Bd7 5. Nc3 Nf6 6. O-O Be7 7. Bxc6 Bxc6 8.
Re1 exd4 9. Nxd4 Bd7 10. Qf3 O-O 11. Bf4 Bg4 12. Qd3 Nd7 13. Nd5 Nc5 14. Qg3
Be6 15. Nxe7+ Qxe7 16. e5 d5 17. Bh6 g6 18. Bxf8 Rxf8 19. Qa3 a6 20. Nb3 b6 21.
Nxc5 Qxc5 22. Qxc5 bxc5 23. Re3 d4 24. Ra3 c4 25. Rd1 c5 26. c3 Rb8 27. Rd2 Rb6
28. f3 d3 29. Ra5 Rc6 30. Kf2 Kf8 31. Ke3 Ke7 32. b3 Kd7 33. bxc4 Bxc4 34. Ra4
Bb5 35. Rf4 1-0

[Event "Druga liga Srbije grupa Vojvod"]
[Site "Sombor"]
[Date "2009.10.02"]
[Round "8.1"]
[White "Pavlik, Goran"]
[Black "Balog, Imre"]
[Result "0-1"]
[WhiteElo "2202"]
[BlackElo "2464"]
[PlyCount "68"]
[EventDate "2009.09.27"]

1. e4 e6 2. d4 d5 3. e5 c5 4. c3 Nc6 5. Nf3 Bd7 6. Be2 Qc7 7. O-O f6 8. Bf4
Nge7 9. Bg3 Qb6 10. Qd2 cxd4 11. exf6 gxf6 12. Nxd4 O-O-O 13. Nb5 Ne5 14. a4
Bxb5 15. axb5 Nf5 16. Bxe5 fxe5 17. c4 Nd4 18. cxd5 exd5 19. Bg4+ Kb8 20. Qe3
e4 21. Nc3 Rg8 22. h3 h5 23. Bxh5 Bh6 24. Qe1 Qe6 25. Bg4 Rxg4 26. hxg4 Qxg4
27. f3 Nxf3+ 28. Rxf3 exf3 29. Qe5+ Ka8 30. g3 Bg7 31. Qc7 Bd4+ 32. Kf1 Re8 33.
Rxa7+ Bxa7 34. b6 Qh3+ 0-1

[Event "Druga liga Srbije grupa Vojvod"]
[Site "Sombor"]
[Date "2009.10.02"]
[Round "8.1"]
[White "Dekic, Josip"]
[Black "Pletl, Akos"]
[Result "1-0"]
[WhiteElo "2323"]
[BlackElo "2219"]
[PlyCount "67"]
[EventDate "2009.09.27"]

1. e4 c5 2. Nf3 e6 3. d4 cxd4 4. Nxd4 Nf6 5. Nc3 Qb6 6. Nb3 Bb4 7. Bd2 Bxc3 8.
Bxc3 Nxe4 9. Bd4 Qb4+ 10. c3 Qe7 11. Bxg7 Rg8 12. Bd4 e5 13. Be3 d6 14. f3 Nf6
15. Qd2 Be6 16. O-O-O d5 17. Bc5 Qc7 18. Bb5+ Nbd7 19. g4 a6 20. Bxd7+ Nxd7 21.
Bf2 O-O-O 22. Kb1 f5 23. gxf5 Bxf5+ 24. Ka1 Nb8 25. Bg3 Nc6 26. Rhe1 Qg7 27.
Qe3 Bc2 28. Rd2 Bxb3 29. axb3 Rge8 30. Qc5 d4 31. cxd4 exd4 32. Rc1 Qh6 33. Qa7
Qxd2 34. Rxc6+ 1-0

[Event "Druga liga Srbije grupa Vojvod"]
[Site "Sombor"]
[Date "2009.10.02"]
[Round "8.1"]
[White "Guzsvany, Arpad"]
[Black "Jotic, Vladimir"]
[Result "0-1"]
[WhiteElo "2130"]
[BlackElo "2323"]
[PlyCount "74"]
[EventDate "2009.09.27"]

1. d4 Nf6 2. c4 e6 3. Nc3 Bb4 4. e3 c5 5. Nge2 d5 6. a3 Bxc3+ 7. Nxc3 cxd4 8.
exd4 Nc6 9. c5 a5 10. Bf4 O-O 11. Bd6 Re8 12. Nb5 e5 13. Nc7 Nxd4 14. Nxe8 Qxe8
15. Be2 Bd7 16. a4 Ne4 17. Bd3 Nxd6 18. cxd6 Qe6 19. O-O Qxd6 20. Re1 g6 21.
Re3 Be6 22. h4 e4 23. Bf1 Nf5 24. Rb3 b6 25. h5 d4 26. Rb5 Bd7 27. Rb3 Rc8 28.
f3 Be6 29. Rba3 e3 30. Bd3 Qf4 31. Bxf5 Bxf5 32. hxg6 hxg6 33. Rc1 Rxc1 34.
Qxc1 d3 35. Qe1 e2 36. Ra1 Be6 37. Ra3 Qd4+ 0-1

[Event "Druga liga Srbije grupa Vojvod"]
[Site "Sombor"]
[Date "2009.10.02"]
[Round "8.1"]
[White "Tokovic, Svetozar"]
[Black "Gabric, Goran"]
[Result "1-0"]
[WhiteElo "2236"]
[BlackElo "2116"]
[PlyCount "57"]
[EventDate "2009.09.27"]

1. Nf3 d5 2. g3 g6 3. Bg2 Bg7 4. O-O Nf6 5. d3 O-O 6. Nbd2 Nbd7 7. e4 dxe4 8.
dxe4 c6 9. Qe2 Nb6 10. a4 Bg4 11. h3 Bxf3 12. Nxf3 Re8 13. a5 Nbd7 14. e5 Nd5
15. e6 Nc5 16. exf7+ Kxf7 17. Rd1 Qc8 18. Ng5+ Kg8 19. Qc4 h6 20. Bxd5+ e6 21.
Bg2 Nd7 22. Ne4 Ne5 23. Qe2 Rd8 24. Bf4 Nf7 25. c3 g5 26. Be3 Qc7 27. Nc5 Rxd1+
28. Rxd1 Rd8 29. Nxe6 1-0

[Event "Druga liga Srbije grupa Vojvod"]
[Site "Sombor"]
[Date "2009.10.02"]
[Round "8.1"]
[White "Cabarkapa, Novak"]
[Black "Strangar, Zlatko"]
[Result "0-1"]
[WhiteElo "2033"]
[BlackElo "2192"]
[PlyCount "62"]
[EventDate "2009.09.27"]

1. e4 e6 2. d3 d5 3. Nd2 Nf6 4. g3 Be7 5. Bg2 c5 6. Ne2 Nc6 7. c3 Ne5 8. Nf3
Nxf3+ 9. Bxf3 dxe4 10. dxe4 Qxd1+ 11. Kxd1 e5 12. c4 Be6 13. b3 Rd8+ 14. Kc2
Ng4 15. Bxg4 Bxg4 16. Ng1 Bd1+ 17. Kc3 f5 18. Be3 O-O 19. Bd2 Bh5 20. h3 fxe4
21. Be3 Rd3+ 22. Kc2 Bg5 23. Bxc5 Rd2+ 24. Kc3 Rfd8 25. Bxa7 Be7 26. c5 R8d3+
27. Kb4 Rd4+ 28. Ka5 Be8 29. Bb6 Bc6 30. h4 Ra4+ 31. bxa4 Rd4 0-1

[Event "Druga liga Srbije grupa Vojvod"]
[Site "Sombor"]
[Date "2009.10.02"]
[Round "8.2"]
[White "Solodovnichenko, Yuri"]
[Black "Velickovic, Sasa"]
[Result "0-1"]
[WhiteElo "2601"]
[BlackElo "2420"]
[PlyCount "142"]
[EventDate "2009.09.27"]

1. e4 c5 2. Nf3 e6 3. d4 cxd4 4. Nxd4 Nf6 5. Nc3 d6 6. Be3 Be7 7. g4 a6 8. g5
Nfd7 9. h4 b5 10. a3 Bb7 11. Qd2 Nc5 12. f3 Nc6 13. O-O-O Ne5 14. Kb1 Rc8 15.
Qg2 Qa5 16. f4 Ned7 17. Bd3 b4 18. axb4 Qxb4 19. Na2 Qa5 20. b4 Qc7 21. bxc5
dxc5 22. Nf3 c4 23. Be2 Bxe4 24. Ka1 Rb8 25. Bd4 O-O 26. Qf2 Bxc2 27. Rd2 Nc5
28. Bxc4 Ne4 29. Qe2 Nxd2 30. Nxd2 Bc5 31. Bc3 Qxf4 32. Rc1 Bf5 33. Nb3 Bd6 34.
Rf1 Qxh4 35. Rd1 Qh2 36. Qxh2 Bxh2 37. Kb2 Bf4 38. Rg1 Rb6 39. Bd4 Rc6 40. Na5
Rd6 41. Nb3 Rc8 42. Kc3 e5 43. Bc5 Rdc6 44. Kb4 Rxc5 45. Nxc5 Rxc5 46. Kxc5
Be3+ 47. Kd6 Bxg1 48. Kxe5 Bg6 49. Kf4 a5 50. Bb3 Bd4 51. Nc1 Kf8 52. Ne2 Bb2
53. Ng3 f6 54. gxf6 Bxf6 55. Ne4 Ke7 56. Nc5 Be8 57. Bc2 h5 58. Bd1 g6 59. Bc2
Bd4 60. Na4 Kf6 61. Ke4 Ba7 62. Nc3 Bc6+ 63. Kf4 g5+ 64. Kg3 Bb8+ 65. Kh3 Ke5
66. Bd1 Bd7+ 67. Kg2 g4 68. Na4 Kd4 69. Nb6 Be6 70. Ba4 h4 71. Nd7 h3+ 0-1

[Event "Druga liga Srbije grupa Vojvod"]
[Site "Sombor"]
[Date "2009.10.02"]
[Round "8.2"]
[White "Andrijevic, Milan"]
[Black "Mozetic, Dejan"]
[Result "1/2-1/2"]
[WhiteElo "2377"]
[BlackElo "2421"]
[PlyCount "42"]
[EventDate "2009.09.27"]

1. e4 g6 2. d4 d6 3. Nf3 Nf6 4. Nc3 Bg7 5. Be2 O-O 6. O-O e6 7. e5 dxe5 8. Nxe5
Nfd7 9. Nf3 h6 10. Bf4 a6 11. Qd2 Kh7 12. Ne4 Nc6 13. Rad1 Nb6 14. Bg3 Ne7 15.
c3 Nf5 16. Be5 f6 17. Bf4 Nd5 18. Bg3 b6 19. Bd3 Bb7 20. Rfe1 Qd7 21. Bb1 Rad8
1/2-1/2

[Event "Druga liga Srbije grupa Vojvod"]
[Site "Sombor"]
[Date "2009.10.02"]
[Round "8.2"]
[White "Miranovic, Rajko"]
[Black "Popovic, Milos T"]
[Result "1/2-1/2"]
[WhiteElo "2385"]
[BlackElo "2401"]
[PlyCount "26"]
[EventDate "2009.09.27"]

1. e4 c5 2. Nf3 Nc6 3. d4 cxd4 4. Nxd4 g6 5. c4 Bg7 6. Be3 Nf6 7. Nc3 Ng4 8.
Qxg4 Nxd4 9. Qd1 e5 10. Bd3 O-O 11. O-O d6 12. Nb5 Nxb5 13. cxb5 Be6 1/2-1/2

[Event "Druga liga Srbije grupa Vojvod"]
[Site "Sombor"]
[Date "2009.10.02"]
[Round "8.2"]
[White "Radlovacki, Jovan"]
[Black "Radonjanin, Vlastimir"]
[Result "0-1"]
[WhiteElo "2379"]
[BlackElo "2289"]
[PlyCount "94"]
[EventDate "2009.09.27"]

1. d4 d5 2. Nf3 e6 3. g3 Nf6 4. Bg2 Nbd7 5. O-O Bd6 6. Nc3 c6 7. e4 Nxe4 8.
Nxe4 dxe4 9. Ng5 Nf6 10. Qe2 O-O 11. Nxe4 Nxe4 12. Bxe4 Qf6 13. Re1 Rd8 14. Qh5
h6 15. c3 e5 16. g4 exd4 17. g5 g6 18. gxf6 gxh5 19. cxd4 Bf8 20. Be3 Be6 21.
f4 Bd5 22. Bc2 Rd6 23. Kf2 Rxf6 24. Rg1+ Kh8 25. f5 Bd6 26. h4 Re8 27. Bg5 hxg5
28. hxg5 Bf4 29. gxf6 Be3+ 30. Kf1 Bxg1 31. Kxg1 Re2 32. Bd3 Rd2 33. Bf1 Rxd4
34. Re1 Re4 35. Re2 Rxe2 36. Bxe2 Bxa2 37. Kh2 Kh7 38. Kg3 Kh6 39. Kh4 Bd5 40.
Bxh5 a5 41. Bd1 b5 42. Kg4 a4 43. Kf4 Bb3 44. Bxb3 axb3 45. Ke5 c5 46. Kd6 c4
47. Ke7 c3 0-1

[Event "Druga liga Srbije grupa Vojvod"]
[Site "Sombor"]
[Date "2009.10.02"]
[Round "8.2"]
[White "Stojanovic, Zoran"]
[Black "Kostic, Vladimir V"]
[Result "1/2-1/2"]
[WhiteElo "2266"]
[BlackElo "2296"]
[PlyCount "114"]
[EventDate "2009.09.27"]

1. d4 Nf6 2. c4 g6 3. Nc3 Bg7 4. e4 d6 5. f3 O-O 6. Be3 Na6 7. Bd3 c5 8. d5 Nc7
9. Nge2 e6 10. dxe6 Bxe6 11. O-O Qe7 12. Qd2 Nd7 13. Rad1 Ne5 14. b3 Rab8 15.
Bc2 Rfd8 16. h3 f6 17. f4 Nc6 18. Rfe1 Bf7 19. Bf2 Qf8 20. Nd5 Nxd5 21. exd5
Ne7 22. f5 Nxf5 23. Bxf5 gxf5 24. Qd3 Re8 25. Qxf5 Re5 26. Qf3 Rbe8 27. Nf4
Rxe1+ 28. Rxe1 Re5 29. Nd3 Rxe1+ 30. Bxe1 Qe8 31. Bc3 Bg6 32. Nf4 Qe4 33. Nxg6
Qxf3 34. Ne7+ Kf7 35. gxf3 Kxe7 36. f4 Bh6 37. f5 Bf4 38. Kg2 Kf7 39. Kf3 Be5
40. Bd2 Kg7 41. Kg4 Kf7 42. Kh5 Kg7 43. b4 cxb4 44. Bxb4 b6 45. Bd2 Bd4 46. Bf4
Bc5 47. Kg4 Kf7 48. Bh6 Kg8 49. Kf3 Kf7 50. Ke4 Ke8 51. Kd3 a6 52. a4 a5 53.
Ke4 Kf7 54. Kf3 Kg8 55. Kg4 Kf7 56. Kh5 Kg8 57. Bf4 Kg7 1/2-1/2

[Event "Druga liga Srbije grupa Vojvod"]
[Site "Sombor"]
[Date "2009.10.02"]
[Round "8.2"]
[White "Orlov, Konstantin"]
[Black "Jovic, Stevan"]
[Result "1/2-1/2"]
[WhiteElo "2267"]
[BlackElo "2284"]
[PlyCount "109"]
[EventDate "2009.09.27"]

1. d4 d5 2. c4 c6 3. Nc3 Nf6 4. Nf3 dxc4 5. a4 Bf5 6. e3 e6 7. Bxc4 Bb4 8. O-O
Nbd7 9. Qb3 Qb6 10. e4 Bg6 11. e5 Nd5 12. Nxd5 cxd5 13. Bb5 Qa5 14. Bd2 Bxd2
15. Bxd7+ Kxd7 16. Qxb7+ Qc7 17. Qxc7+ Kxc7 18. Nxd2 Rab8 19. Rfc1+ Kd7 20. b3
Rb4 21. Rc5 Rhb8 22. Rac1 Rxd4 23. Nf3 Rdb4 24. Rc7+ Kd8 25. Rxa7 Rxb3 26. h4
R3b7 27. Rxb7 Rxb7 28. Nd4 Bd3 29. f4 Kd7 30. Kf2 Rb2+ 31. Ke3 Bc4 32. g4 Ra2
33. Rb1 Ra3+ 34. Kf2 Kc7 35. Rb4 Rd3 36. Nf3 h6 37. f5 Ra3 38. fxe6 Ra2+ 39.
Kg3 fxe6 40. Nd4 g6 41. Nxe6+ Kc6 42. Nf4 Kc5 43. Rb8 Ra3+ 44. Kf2 Rxa4 45. e6
Bb5 46. Nxg6 Rxg4 47. h5 Re4 48. e7 d4 49. Kf3 Bc6 50. Rc8 Re6+ 51. Kf4 Kd6 52.
Rd8+ Bd7 53. Rxd7+ Kxd7 54. Nf8+ Kxe7 55. Nxe6 1/2-1/2

[Event "Druga liga Srbije grupa Vojvod"]
[Site "Sombor"]
[Date "2009.10.02"]
[Round "8.3"]
[White "Cirjanic, Velibor"]
[Black "Somborski, Nebojsa"]
[Result "1/2-1/2"]
[WhiteElo "2186"]
[BlackElo "2379"]
[PlyCount "84"]
[EventDate "2009.09.27"]

1. e4 e5 2. Nf3 Nc6 3. Bb5 a6 4. Ba4 Nf6 5. O-O Be7 6. Re1 b5 7. Bb3 O-O 8. c3
d6 9. h3 Re8 10. Ng5 Rf8 11. Nf3 Na5 12. Bc2 d5 13. exd5 e4 14. Bxe4 Nxe4 15.
Rxe4 Bb7 16. d4 Re8 17. Bf4 Nc4 18. b3 Nb6 19. Re1 Nxd5 20. Be5 f6 21. Bg3 Bd6
22. Bxd6 Qxd6 23. a4 Rxe1+ 24. Qxe1 bxa4 25. Rxa4 Qd7 26. c4 Re8 27. Qd1 Nb6
28. Ra2 Bxf3 29. gxf3 Qxh3 30. Re2 Rf8 31. Qd3 f5 32. Qe3 h6 33. f4 Qg4+ 34.
Kf1 Qh5 35. Re1 Nd7 36. Nd2 Nf6 37. Nf3 Ng4 38. Qe6+ Kh7 39. Ne5 Re8 40. Qd7
Qh3+ 41. Ke2 Nf6 42. Qf7 Qxb3 1/2-1/2

[Event "Druga liga Srbije grupa Vojvod"]
[Site "Sombor"]
[Date "2009.10.02"]
[Round "8.3"]
[White "Bodiroga, Predrag"]
[Black "Pavlovic, Nenad"]
[Result "1-0"]
[WhiteElo "2410"]
[BlackElo "2190"]
[PlyCount "79"]
[EventDate "2009.09.27"]

1. d4 Nf6 2. c4 e6 3. Nc3 Bb4 4. Nf3 O-O 5. Bg5 d6 6. Qc2 c5 7. e3 Nbd7 8. Bd3
Qa5 9. O-O Bxc3 10. bxc3 Re8 11. e4 cxd4 12. cxd4 h6 13. Bd2 Qc7 14. a4 a5 15.
Nh4 e5 16. Qc1 exd4 17. Bxh6 Nh7 18. Nf5 g6 19. Nxd4 Nc5 20. Bc2 Nxe4 21. Re1
Nef6 22. Rxe8+ Nxe8 23. Qb2 Bd7 24. Re1 Nhf6 25. Nf3 Qxc4 26. Bb3 Qb4 27. Bd2
Qc5 28. Bg5 Nd5 29. Rc1 Qb6 30. Qa2 Nb4 31. Bxf7+ Kg7 32. Qb3 d5 33. Bxd5 Nxd5
34. Qxd5 Be6 35. Qe5+ Kg8 36. Be3 Qd6 37. Qg5 Bf7 38. Bd4 Qd5 39. Qe3 Nd6 40.
Qh6 1-0

[Event "Druga liga Srbije grupa Vojvod"]
[Site "Sombor"]
[Date "2009.10.02"]
[Round "8.3"]
[White "Kotrla, Sebastijan"]
[Black "Lalic, Dragan"]
[Result "0-1"]
[WhiteElo "2052"]
[BlackElo "2353"]
[PlyCount "80"]
[EventDate "2009.09.27"]

1. c4 Nf6 2. Nc3 c6 3. g3 d5 4. cxd5 cxd5 5. d4 Nc6 6. Bg2 Bf5 7. a3 e6 8. Nf3
h6 9. O-O Be7 10. b4 O-O 11. Bb2 Ne4 12. Nd2 Nxc3 13. Bxc3 Rc8 14. Rc1 a5 15.
b5 Na7 16. Qb3 b6 17. e4 dxe4 18. Nxe4 Qd7 19. a4 Rc7 20. Bxa5 Rxc1 21. Rxc1
bxa5 22. b6 Qxd4 23. Rd1 Qe5 24. Nd6 Nc8 25. Nc4 Qb8 26. b7 Bb4 27. Qe3 Nd6 28.
Ne5 Nxb7 29. Nd7 Qc7 30. Nxf8 Bxf8 31. Bf3 Nc5 32. Rc1 Qb6 33. Qd4 Qd6 34. Qh4
Nd3 35. Rc8 Ne5 36. Be2 Qd2 37. Kf1 Ng6 38. Qh5 Qd7 39. Rc4 Ne5 40. Rc5 Bxc5
0-1

[Event "Druga liga Srbije grupa Vojvod"]
[Site "Sombor"]
[Date "2009.10.02"]
[Round "8.3"]
[White "Damjanovic, Dragan"]
[Black "Kotrla, Stefan"]
[Result "1/2-1/2"]
[WhiteElo "2255"]
[BlackElo "1923"]
[PlyCount "112"]
[EventDate "2009.09.27"]

1. d4 Nf6 2. c4 e6 3. Nc3 d5 4. Nf3 Be7 5. Bf4 O-O 6. e3 Nbd7 7. h3 dxc4 8.
Bxc4 a6 9. a4 Nb6 10. Bd3 Nbd5 11. Bh2 c5 12. O-O b6 13. e4 Nb4 14. Bc4 Bb7 15.
Qe2 cxd4 16. Rfd1 Bc5 17. e5 Nfd5 18. Nxd4 Nxc3 19. bxc3 Nd5 20. Qg4 Qe7 21.
Bg3 h6 22. Bh4 Qd7 23. Bf6 g6 24. Qh4 Nxf6 25. exf6 Rfd8 26. Qxh6 Bf8 27. Qe3
Rac8 28. Bb3 Bd5 29. c4 Bxc4 30. Nf5 Qc7 31. Rxd8 Qxd8 32. Ne7+ Bxe7 33. Rd1
Qe8 34. fxe7 Qxe7 35. Qxb6 Bxb3 36. Qxb3 Qc5 37. Qb7 Qc4 38. Rd4 Qc1+ 39. Kh2
Qc7+ 40. Qxc7 Rxc7 41. Rd6 a5 42. Ra6 Rc5 43. h4 Rc4 44. Rxa5 Rxh4+ 45. Kg3 Rb4
46. Ra7 Kg7 47. Kf3 g5 48. a5 Ra4 49. a6 Kg6 50. g4 Rf4+ 51. Kg3 Ra4 52. Ra8
Ra3+ 53. f3 Ra2 54. Ra7 Kg7 55. Kh3 Kf6 56. Kg3 Kg7 1/2-1/2

[Event "Druga liga Srbije grupa Vojvod"]
[Site "Sombor"]
[Date "2009.10.02"]
[Round "8.4"]
[White "Djuric, Stefan"]
[Black "Vujadinovic, Goran"]
[Result "1-0"]
[WhiteElo "2414"]
[BlackElo "2367"]
[PlyCount "33"]
[EventDate "2009.09.27"]

1. d4 d6 2. Nf3 g6 3. e4 Nf6 4. Nc3 Bg7 5. Be2 O-O 6. O-O c6 7. Re1 Qc7 8. e5
dxe5 9. Nxe5 Nfd7 10. Nc4 Nb6 11. Bg5 Rd8 12. Nxb6 Qxb6 13. Bc4 Rxd4 14. Bxf7+
Kxf7 15. Rxe7+ Kf8 16. Qe2 Rd8 17. Rxg7 1-0

[Event "Druga liga Srbije grupa Vojvod"]
[Site "Sombor"]
[Date "2009.10.02"]
[Round "8.4"]
[White "Stanojevic, Branko"]
[Black "Nestorovic, Nikola"]
[Result "1/2-1/2"]
[WhiteElo "2285"]
[BlackElo "2412"]
[PlyCount "51"]
[EventDate "2009.09.27"]

1. d4 Nf6 2. Nf3 c5 3. d5 d6 4. Nc3 g6 5. e4 Bg7 6. Bb5+ Bd7 7. a4 O-O 8. O-O
Na6 9. Re1 Nc7 10. Bf1 Bg4 11. h3 Bxf3 12. Qxf3 Nd7 13. Bg5 Rb8 14. Rab1 a6 15.
a5 b5 16. axb6 Rxb6 17. b3 Nb5 18. Na4 Rb8 19. Qd1 Re8 20. Bd3 Qc7 21. Bc1 Bd4
22. Bb2 e6 23. Bc4 exd5 24. Bxd5 Nf6 25. c4 Nxd5 26. exd5 1/2-1/2

[Event "Druga liga Srbije grupa Vojvod"]
[Site "Sombor"]
[Date "2009.10.02"]
[Round "8.4"]
[White "Kosanovic, Goran A"]
[Black "Kolognat, Petar"]
[Result "1/2-1/2"]
[WhiteElo "2371"]
[BlackElo "2305"]
[PlyCount "23"]
[EventDate "2009.09.27"]

1. e4 Nf6 2. e5 Nd5 3. Nc3 Nxc3 4. dxc3 d5 5. Bf4 Bf5 6. Bd3 Bxd3 7. Qxd3 Qd7
8. Nf3 e6 9. O-O Be7 10. c4 dxc4 11. Qxc4 Qc6 12. Qxc6+ 1/2-1/2

[Event "Druga liga Srbije grupa Vojvod"]
[Site "Sombor"]
[Date "2009.10.02"]
[Round "8.4"]
[White "Bogic, Stevan"]
[Black "Klasan, Vladimir"]
[Result "0-1"]
[WhiteElo "2256"]
[BlackElo "2320"]
[PlyCount "90"]
[EventDate "2009.09.27"]

1. e4 c5 2. Nf3 d6 3. Bb5+ Nd7 4. O-O Ngf6 5. d4 cxd4 6. Qxd4 e5 7. Qd3 h6 8.
Nc3 Be7 9. Nd2 O-O 10. Bxd7 Bxd7 11. Nc4 Be6 12. Ne3 Rc8 13. Bd2 a6 14. Rfc1
Qd7 15. f3 Bd8 16. Ncd5 Bxd5 17. Nxd5 Nxd5 18. exd5 b5 19. a4 Qb7 20. axb5 axb5
21. Bb4 Bb6+ 22. Kh1 Bc5 23. Bxc5 Rxc5 24. Rd1 Ra8 25. Rxa8+ Qxa8 26. Qb3 Qc8
27. h3 Qf5 28. c3 e4 29. fxe4 Qxe4 30. Qa2 g5 31. Qa7 Kg7 32. Qb7 Qe2 33. Rg1
Qd3 34. Re1 Rxd5 35. Kg1 Qf5 36. Rf1 Qe6 37. Kh1 h5 38. Qb6 Re5 39. Qd4 f6 40.
Qa7+ Kg6 41. Qb8 g4 42. h4 g3 43. Kg1 Re1 44. Qxb5 Qe3+ 45. Kh1 Qf2 0-1

[Event "Druga liga Srbije grupa Vojvod"]
[Site "Sombor"]
[Date "2009.10.02"]
[Round "8.5"]
[White "Bogosavljevic, Boban"]
[Black "Galyas, Miklos"]
[Result "1/2-1/2"]
[WhiteElo "2528"]
[BlackElo "2464"]
[PlyCount "26"]
[EventDate "2009.09.27"]

1. d4 d5 2. c4 c6 3. Nf3 Nf6 4. e3 Bf5 5. Nc3 e6 6. Bd3 Bxd3 7. Qxd3 Nbd7 8.
O-O Be7 9. e4 dxe4 10. Nxe4 Nxe4 11. Qxe4 O-O 12. Bf4 Nf6 13. Qe2 Qa5 1/2-1/2